Workshop on curriculum and syllabus (Record no. 64403)
[ view plain ]
| 000 -LEADER | |
|---|---|
| fixed length control field | 00247nam a2200097 4500 |
| 082 0# - DEWEY DECIMAL CLASSIFICATION NUMBER | |
| Classification number | 372.19 UNI |
| 100 1# - MAIN ENTRY--PERSONAL NAME | |
| Personal name | Education coordination committee UNICEF |
| 245 10 - TITLE STATEMENT | |
| Title | Workshop on curriculum and syllabus |
| 260 ## - PUBLICATION, DISTRIBUTION, ETC. (IMPRINT) | |
| Place of publication, distribution, etc | Lokichokio |
| Date of publication, distribution, etc | 1993 |
| 942 ## - ADDED ENTRY ELEMENTS (KOHA) | |
| Source of classification or shelving scheme | |
| Koha item type | Books |
No items available.
